State leadership in improving instruction: A study of the leadership service function of state education departments, with special reference to Louisiana, Tennessee, and Virginia (Record no. 1345315)

MARC details
000 -LEADER
fixed length control field 00658nam a2200181Ia 4500
005 - DATE AND TIME OF LATEST TRANSACTION
control field 20250508153749.0
008 - FIXED-LENGTH DATA ELEMENTS--GENERAL INFORMATION
fixed length control field 008 250505s9999 xx 000 0 eng d
037 ## - SOURCE OF ACQUISITION
Stock number Textual
040 ## - CATALOGING SOURCE
Original cataloging agency FEDL
Language of cataloging eng
Transcribing agency FEDL
041 ## - LANGUAGE CODE
Language code of text/sound track or separate title eng
Source of code eng
084 ## - COLON CLASSIFICATION NUMBER
Classification number 379.73, ALE
Assigning agency FEDL
100 ## - MAIN ENTRY--PERSONAL NAME
Personal name Alexander William M
245 #0 - TITLE STATEMENT
Title State leadership in improving instruction: A study of the leadership service function of state education departments, with special reference to Louisiana, Tennessee, and Virginia
260 ## - PUBLICATION, DISTRIBUTION, ETC.
Place of publication, distribution, etc. New York, USA
Name of publisher, distributor, etc. William Marvin Alexander
Date of publication, distribution, etc. 1940
300 ## - PHYSICAL DESCRIPTION
Extent viii,193p.
942 ## - ADDED ENTRY ELEMENTS (KOHA)
Koha item type Textual
Classification part 379.73, ALE
Holdings
Withdrawn status Lost status Damaged status Not for loan Home library Current library Date acquired Total Checkouts Full call number Barcode Date last seen Price effective from Koha item type
        Department of Education Library Department of Education Library 2025-05-08   379.73, ALE EL0028640 2025-05-08 2025-05-08 Textual
Copyright @ Delhi University Library System